[Event "SRB-ch U16 Girls"]
[Site "Kragujevac"]
[Date "2019.05.03"]
[Round "6"]
[White "Stosic, Anastasija"]
[Black "Pavlovic, Andrea"]
[Result "1/2-1/2"]
[WhiteElo "1443"]
[BlackElo "1593"]
[PlyCount "96"]
[EventDate "2019.04.29"]
[EventType "swiss"]
[EventRounds "9"]
[EventCountry "SRB"]
[SourceTitle "EXT 2022"]
[Source "ChessBase"]
[SourceDate "2021.10.06"]
[SourceVersion "1"]
[SourceVersionDate "2021.10.06"]
[SourceQuality "1"]

1. d4 Nf6 2. Nf3 d5 3. e3 Bf5 4. Bd3 Bg6 5. 0-0 e6 6. b3 Bd6 7. Bb2 Nc6 8. a3 a6 9. Nbd2 Qe7 10. Ne5 Nd7 11. Ndf3 Be4 12. Nxc6 bxc6 13. Ne5 Bxe5 14. dxe5 0-0 15. Qe2 Bg6 16. Bxa6 Nc5 17. Bd3 Bxd3 18. cxd3 Nxb3 19. Ra2 Rfb8 20. Qc2 c5 21. Rb1 Na5 22. Bc3 Rxb1+ 23. Qxb1 h6 24. Qb5 c6 25. Qb6 Qa7 26. Qxa7 Rxa7 27. Bxa5 Rxa5 28. Kf1 Kf8 29. Ke2 Ke7 30. Kd2 f6 31. f4 g5 32. g3 fxe5 33. fxe5 Kf7 34. d4 c4 35. Kc3 Kg6 36. Kb4 Rb5+ 37. Kc3 Kf5 38. a4 Rb3+ 39. Kd2 Ke4 40. a5 Rb7 41. a6 Ra7 42. Ke2 Kf5 43. Kf3 h5 44. h3 g4+ 45. hxg4+ hxg4+ 46. Ke2 Kg6 47. Kd2 Kf5 48. Ke2 Kg6 1/2-1/2

[Event "SRB-ch U14 Girls"]
[Site "Novi Sad"]
[Date "2018.04.02"]
[Round "1"]
[White "Stosic, Anastasija"]
[Black "Ilic, Zvezdana"]
[Result "1/2-1/2"]
[WhiteElo "1433"]
[BlackElo "1626"]
[PlyCount "107"]
[EventDate "2018.04.02"]
[EventType "swiss"]
[EventRounds "9"]
[EventCountry "SRB"]
[SourceTitle "EXT 2019"]
[Source "ChessBase"]
[SourceDate "2018.10.10"]
[SourceVersion "1"]
[SourceVersionDate "2018.10.10"]
[SourceQuality "1"]

1. d4 f5 2. e3 g6 3. c4 Bg7 4. Nf3 Nf6 5. Nc3 0-0 6. Bd3 d6 7. 0-0 Nh5 8. e4 Nc6 9. Be3 e5 10. d5 Ne7 11. exf5 Bxf5 12. Bxf5 Nxf5 13. Bg5 Nf6 14. Nh4 Nxh4 15. Bxh4 Qd7 16. Re1 Qg4 17. Bxf6 Qxd1 18. Raxd1 Bxf6 19. Ne4 a6 20. b3 Rf7 21. Rd3 Be7 22. Rg3 Raf8 23. Re2 Rf5 24. Rh3 Rf4 25. f3 R4f5 26. b4 b6 27. Rc2 Rb8 28. Rb2 Rf4 29. a4 Rb7 30. b5 axb5 31. cxb5 Rf8 32. Rc2 Ra8 33. Rc4 Ra5 34. Nc3 Rba7 35. f4 exf4 36. Rxf4 Bg5 37. Rc4 Kg7 38. Rf3 Bf6 39. Ne4 Bd8 40. Nc3 g5 41. Kf2 h6 42. g4 Bf6 43. h3 Be5 44. Re3 Kf7 45. Rf3+ Kg7 46. Re3 Rb7 47. Ne2 Rb8 48. Nd4 Bxd4 49. Rxd4 Rf8+ 50. Kg3 Rf7 51. h4 Ra7 52. Re6 Rf6 53. hxg5 hxg5 54. Rc4 1/2-1/2